A short guide to Clausewitz on war / (Record no. 7817)
[ view plain ]
| 000 -LEADER | |
|---|---|
| fixed length control field | 00953cam a22002772a 4500 |
| 001 - CONTROL NUMBER | |
| control field | 7817 |
| 003 - CONTROL NUMBER IDENTIFIER | |
| rucl marc code | BD-RUCL |
| 005 - DATE AND TIME OF LATEST TRANSACTION | |
| control field | 20211208234500.0 |
| 008 - FIXED-LENGTH DATA ELEMENTS--GENERAL INFORMATION | |
| fixed length control field | 140115s1967 enk 000 0 eng d |
| 035 ## - SYSTEM CONTROL NUMBER | |
| System control number | OCLC ocm00461378 from D950530M |
| -- | (BD-RUCL)7861 |
| 040 ## - CATALOGING SOURCE | |
| Original cataloging agency | DLC |
| Transcribing agency | DLC |
| Modifying agency | UKM |
| -- | EQO |
| Language of cataloging | eng |
| 041 1# - LANGUAGE CODE | |
| Language code of text/sound track or separate title | engger |
| 082 ## - DEWEY DECIMAL CLASSIFICATION NUMBER | |
| Classification number | 327.1 |
| Author mark and year | CLS 1967 |
| 100 1# - MAIN ENTRY--PERSONAL NAME | |
| Personal name | Clausewitz, Carl von, |
| Dates associated with a name | 1780-1831. |
| 9 (RLIN) | 19575 |
| 245 12 - TITLE STATEMENT | |
| Title | A short guide to Clausewitz on war / |
| Statement of responsibility, etc. | edited and with an introduction by Roger Ashley Leonard, preface by Michael Howard. |
| 260 ## - PUBLICATION, DISTRIBUTION, ETC. (IMPRINT) | |
| Place of publication, distribution, etc. | London : |
| Name of publisher, distributor, etc. | Weidenfeld Nicolson, |
| Date of publication, distribution, etc. | 1967. |
| 300 ## - PHYSICAL DESCRIPTION | |
| Pagination | xi, 237 p. |
| Size | 23 cm. |
| 500 ## - GENERAL NOTE | |
| General note | Extracts selected from the English translation of Vom Kriege published in London in 1962 |
| 650 #0 - SUBJECT ADDED ENTRY--TOPICAL TERM | |
| Topical term or geographic name as entry element | War. |
| 9 (RLIN) | 24393 |
| Topical term or geographic name as entry element | Military art and science. |
| 9 (RLIN) | 24394 |
| 700 1# - ADDED ENTRY--PERSONAL NAME | |
| Personal name | Leonard, Roger Ashley. |
| 942 ## - ADDED ENTRY ELEMENTS (KOHA) | |
| Source of classification or shelving scheme | Dewey Decimal Classification |
| Koha item type | Books |
| Lost status | Source of classification or shelving scheme | Damaged status | Not for loan | Collection code | Permanent Location | Current Location | Shelving location | Date acquired | Source of acquisition | Cost, normal purchase price | Total Checkouts | Full call number | Date last seen | Copy number | Koha item type |
|---|---|---|---|---|---|---|---|---|---|---|---|---|---|---|---|
| Dewey Decimal Classification | Not For Loan | Non-fiction | Central Library, University of Rajshahi | Central Library, University of Rajshahi | 16/04/1974 | ParamouNT Boo corp. | 17.00 | 327.1 CLS 1967 | 15/01/2014 | C-1 | Books |